000 00888nam a2200217 i 4500
001 178776
003 ES-MaACL
005 20230906220612.0
007 t|
008 110621s1903 fr ||||1| fre d
080 _a929 Nietzsche, Friedrich
100 1 _aAlbert, Henri.
_919310
245 1 0 _aFrédéric Nietzsche
_b: biographie illustrée de portraits, vues et autographes, suivie d'opinions et d'une bibliographie / Henri Albert ; portrait-frontispicie, d'après Stoeving ; ornements typographiques d'Orazi.
260 _aParís :
_bE. Sansot,
_c1903.
300 _a35 p. :
_bil. ;
_c18 cm.
490 1 _aLes célébrités d'aujourd'hui
600 1 4 _aNietzsche, Friedrich,
_d1844-1900
_985718
830 0 _aLes célébrités d'aujourd'hui
_9180788
852 _aES-MaACL
_jD-747(2)
_z.- Encuadernado con otras obras
_q.- Faltan p. 25-30 e ilustraciones
999 _c178776
_d178776